“Cuestión ambiental”: entre las demandas sociales y la fragmentación de las respuestas estatales /

Gespeichert in:
Bibliographische Detailangaben
1. Verfasser: Alfaro Moscoso, Montserrat (Autora)
Weitere Verfasser: Calvo Salazar, Cindy (Autora)
Format: Buch
Sprache:Spanish
Tags: Tag hinzufügen
Keine Tags, Fügen Sie den ersten Tag hinzu!

MARC

LEADER 00000nam a22000007a 4500
003 cru IIS
005 20220721160117.0
007 ta
008 220721s2019 cr |||p|r|||| 00| 0 spa d
040 |c cru IIS 
100 1 |9 10607  |a Alfaro Moscoso, Montserrat  |e Autora 
245 1 1 |a “Cuestión ambiental”:   |b entre las demandas sociales y la fragmentación de las respuestas estatales /  |c Montserrat Alfaro Moscoso, Cindy Calvo Salazar 
300 |a páginas 115-128 :  |b tablas 
500 |a Colección Centroamérica 
700 1 |9 10608  |a Calvo Salazar, Cindy  |e Autora 
773 0 |0 18728  |9 7622  |a Universidad de Costa Rica.   |d San José, Costa Rica Editorial UCR 1959-  |o 23629  |t Revista de Ciencias Sociales/  |x 04825276 
942 |2 ddc  |c PP 
999 |c 44417  |d 44417